[Event "Ch Europe (juniors) (under 20)"]
[Site "masterchessopen.com – Patras (Greece)"]
[Round "3"]
[White "Jirka Jiri (CZE)"]
[Black "Giannakoulopoulos Spyridon (GRE)"]
[Result "1-0"]
[WhiteElo "2330"]
[BlackElo "1973"]

1.d4 e6 2.c4 Nf6 3.g3 d5 4.Nf3 Be7 5.Bg2 Nbd7 6.O-O O-O 7.Qc2 c6 8.Rd1 b6
9.Ne5 Bb7 10.Nc3 Rc8 11.e4 a6 12.Nxd7 Qxd7 13.e5 Ne8 14.Na4 Qd8 15.c5 bxc5
16.Nxc5 Qc7 17.b4 Ra8 18.Bd2 g6 19.Rac1 Ng7 20.Bf1 Nf5 21.Qc3 h5 22.h3 Kg7
23.Be2 Rfc8 24.Rc2 Bxc5 25.Qxc5 Qe7 26.Qc3 Qc7 27.g4 hxg4 28.hxg4 Ne7 29.Bg5
Ng8 {#r} 1-0

[Event "Ch Romania (team)"]
[Site "masterchessopen.com – Romania"]
[Round "3"]
[White "Cosma Ioan (ROM)"]
[Black "Foisor Ovidiu Doru (ROM)"]
[Result "1-0"]
[WhiteElo "2472"]
[BlackElo "2441"]

1.d4 Nf6 2.Nf3 e6 3.g3 d5 4.Bg2 Nbd7 5.O-O Be7 6.c4 O-O 7.Qc2 c6 8.Rd1 b6 9.b3
Ba6 10.a4 Bb4 11.Bd2 Qe7 12.Bxb4 Qxb4 13.Nbd2 c5 14.e3 Rfc8 15.Qa2 Nb8 16.dxc5
bxc5 17.Ne5 Bb7 18.a5 dxc4 19.Bxb7 Qxb7 20.Ndxc4 Ne4 21.a6 Qc7 22.Qc2 Nf6
23.Nd6 Rf8 24.b4 Nbd7 25.Nxd7 Nxd7 26.Rac1 Qc6 27.b5 Qc7 28.Qe4 Rfd8 29.Qb7
Qb8 30.Qxb8 Rdxb8 31.Nb7 Nf6 32.Rxc5 {#r} 1-0

[Event "It (open)"]
[Site "masterchessopen.com – Vlissingen (Netherlands)"]
[Round "1"]
[White "Janssen Ruud (NED)"]
[Black "Paulis Winifred (NED)"]
[Result "1-0"]
[WhiteElo "2475"]
[BlackElo "2009"]

1.Nf3 d5 2.d4 e6 3.c4 Nf6 4.g3 Be7 5.Bg2 O-O 6.O-O Nbd7 7.Qc2 b6 8.cxd5 exd5
9.Bf4 c5 10.Nc3 a6 11.dxc5 bxc5 12.Rfd1 Bb7 13.Nh4 Nb6 14.Nf5 Qd7 15.Nxd5
Nbxd5 16.e4 Rfd8 17.exd5 Ne8 18.Rac1 Rac8 19.h4 Bf8 20.Bh3 Kh8 21.Kh2 Qb5
22.Ne3 Ra8 23.a4 Qb4 24.Rd3 Bc8 25.Qb3 Bxh3 26.Kxh3 Nd6 27.Bxd6 Bxd6 {#r} 1-0

[Event "Cup European Club (w)"]
[Site "masterchessopen.com – Antalya (Turkey)"]
[Round "1"]
[White "Kachiani-G Ketino (GER)"]
[Black "Acar Gizem (TUR)"]
[Result "1-0"]
[WhiteElo "2446"]
[BlackElo "1914"]

1.d4 d5 2.c4 e6 3.Nf3 Nf6 4.g3 Be7 5.Bg2 O-O 6.O-O Nbd7 7.Qc2 c5 8.Rd1 Qb6
9.Nc3 dxc4 10.dxc5 Nxc5 11.Ne5 Qa6 12.Be3 Ncd7 13.Nf3 Nc5 14.b4 cxb3 15.axb3
Qb6 16.Rab1 Qb4 17.Rd4 Qb6 18.Rc4 Qa5 19.b4 Qa6 20.b5 Qb6 21.Na4 {#r} 1-0

[Event "Czech League 2002/03 (2nd) (b)"]
[Site "masterchessopen.com – Czech Republic"]
[Round "1"]
[White "Rychlik Piotr (POL)"]
[Black "Matonoha Ctirad (CZE)"]
[Result "1-0"]
[WhiteElo "2109"]
[BlackElo "2017"]

1.Nf3 d5 2.c4 Nf6 3.g3 e6 4.Bg2 Be7 5.O-O O-O 6.d4 Nbd7 7.Qc2 c5 8.Nbd2 b6
9.b3 Bb7 10.Bb2 dxc4 11.Nxc4 Rc8 12.dxc5 Bxc5 13.Qd1 Qe7 14.e3 Rfd8 15.Qe2 Ne4
16.Ne1 Ndf6 17.Nd3 Ba6 18.Nxc5 Qxc5 19.Bxe4 Bxc4 20.bxc4 Nxe4 21.Qg4 Ng5 22.h4
Rd2 23.Bd4 h5 24.Qxg5 Qxg5 25.hxg5 Rxc4 26.a4 h4 27.gxh4 e5 28.Bxe5 Rxh4
29.Bf4 f6 30.gxf6 gxf6 31.Kg2 Kf7 32.Rac1 {#r} 1-0

[Event "It \"]
[Site "masterchessopen.com – Frankfurt (Germany)"]
[Round "7"]
[White "Schell Walter (GER)"]
[Black "Gramlich Sebastian (GER)"]
[Result "0-1"]
[WhiteElo "2150"]
[BlackElo "2106"]

1.d4 d5 2.c4 e6 3.Nf3 Nf6 4.g3 Be7 5.Bg2 O-O 6.O-O Nbd7 7.Qc2 Ne4 8.b3 b6
9.Rd1 Bb7 10.Bb2 f5 11.e3 Rc8 12.Nc3 c6 13.Ne2 Rf6 14.Nf4 Rh6 15.Nd3 Qe8
16.Qe2 g5 17.Nfe5 Ndf6 18.f3 Qh5 19.Kf1 Qxh2 20.fxe4 fxe4 21.Nf2 Nh5 22.Neg4
Nxg3+ 23.Ke1 Bb4+ {#R} 0-1

[Event "It (open)"]
[Site "masterchessopen.com – Imperia (Italy)"]
[Round "8"]
[White "Feistenauer Harald (GER)"]
[Black "Deweerdt Jan (ITA)"]
[Result "1-0"]
[WhiteElo "2103"]
[BlackElo "2055"]

1.c4 Nf6 2.g3 e6 3.Bg2 d5 4.Nf3 Be7 5.O-O O-O 6.Qc2 Nbd7 7.d4 dxc4 8.Nbd2 Nb6
9.Nxc4 Nxc4 10.Qxc4 g6 11.Ne5 Nd5 12.Rd1 Bd7 13.e4 Nb6 14.Qc2 f6 15.Nxd7 Qxd7
16.Bf4 Rac8 17.Qb3 Kh8 18.Rac1 Bd8 19.Bh3 {#r} 1-0

[Event "Ch Slovakia (open) (b)"]
[Site "masterchessopen.com – Kaskady (Slovakia)"]
[Round "1"]
[White "Hausner Ivan (CZE)"]
[Black "Bednar Jan (SVK)"]
[Result "1-0"]
[WhiteElo "2434"]
[BlackElo "2080"]

1.c4 e6 2.g3 d5 3.Bg2 Nf6 4.Nf3 Be7 5.d4 O-O 6.O-O Nbd7 7.Qc2 c5 8.Rd1 b6
9.cxd5 Nxd5 10.Nc3 Bb7 11.Nxd5 Bxd5 12.e4 Bb7 13.d5 exd5 14.exd5 Qc7 15.d6
Bxd6 16.Ng5 g6 17.Bxb7 Qxb7 18.Rxd6 Ne5 19.Bf4 Rfe8 20.Rad1 c4 21.Bxe5 Rxe5
22.Rd7 Qc6 23.Nxf7 Rh5 24.Qc3 {#r} 1-0

[Event "It (cat.8)"]
[Site "masterchessopen.com – Mondariz (Spain)"]
[Round "1"]
[White "Narciso Dublan Marc (ESP)"]
[Black "Rodriguez Lopez Rafael (ESP)"]
[Result "1-0"]
[WhiteElo "2476"]
[BlackElo "2263"]

{ } 1.d4 Nf6 2.c4 e6 3.Nf3 d5 4.g3 Be7 5.Bg2 O-O 6.O-O Nbd7 7.Qc2 c6 8.b3 b6
9.Rd1 Bb7 10.Nc3 { ?/= } 10...Ba6 ( 10...c5 11.cxd5 exd5 12.Bb2 Rc8 13.dxc5
Bxc5 14.e3 Re8 15.Qf5 Qe7 16.Rac1 Nf8 17.Nd4 g6 18.Qg5 Bxd4 19.exd4 Kg7 20.Bf1
{ ...1/2-1/2, Salov Valery(2656) - Bauer Christian(2480), Enghien 1999 It
(cat.15) } ) 11.Nd2 Rc8 { -0,27 CAP } ( 11...b5 12.e4 dxc4 13.bxc4 bxc4 14.Na4
c5 15.d5 exd5 16.exd5 Ng4 17.Ne4 f5 18.d6 fxe4 19.dxe7 Qxe7 20.Qxe4 Qxe4
21.Bxe4 { ...1-0, Sorokin Maxim(2550) - Nogueiras Jesus(2560), San Martin 1995
It (cat.10) } ) 12.a4 { N } ( 12.e4 c5 13.exd5 exd5 14.Nxd5 Nxd5 15.Bxd5 cxd4
16.Bb2 Nf6 17.Bg2 d3 18.Qc3 b5 19.Bf1 Qb6 20.Bxd3 Rfd8 21.Bf5 Rc5 { ...1-0,
Sosonko Gennadi(2505) - Csom Istvan(2490), Biel 1976 Izt (cat.12) } ) 12...Qc7
13.Bb2 Qb8 14.e4 Rfd8 15.Rac1 c5 16.exd5 cxd4 17.dxe6 fxe6 18.Nce4 e5 19.Nxf6+
Nxf6 20.Qf5 Re8 { } ( 20...Rc5 { !? } 21.Ba3 Bc8 22.Qg5 Rc7 { } ) 21.Ne4 Nxe4
22.Bxe4 g6 23.Qe6+ Kg7 { ?? } ( 23...Kh8 24.f4 Bf8 25.Qf6+ Bg7 { } ) 24.Rxd4 {
} {#r} 1-0

[Event "It (open)"]
[Site "masterchessopen.com – Oberwart (Austria)"]
[Round "2"]
[White "Cvitan Ognjen (CRO)"]
[Black "Wegerer Fred (AUT)"]
[Result "1-0"]
[WhiteElo "2576"]
[BlackElo "2240"]

1.c4 Nf6 2.Nf3 e6 3.g3 Be7 4.Bg2 O-O 5.d4 d5 6.O-O Nbd7 7.Qc2 c6 8.b3 Ne4
9.Ne1 f5 10.Nd3 Bf6 11.Bb2 Qe8 12.Nd2 Qh5 13.f3 Nd6 14.Rae1 dxc4 15.bxc4 Bg5
16.f4 Be7 17.e4 fxe4 18.Nxe4 Nxe4 19.Bxe4 Nf6 20.Bf3 Qa5 21.Ne5 Bb4 22.Re2 Bd6
23.g4 Nd7 24.Be4 h6 25.Bh7+ Kh8 26.Ng6+ Kxh7 27.Nxf8+ Kg8 28.Nxe6 {#r} 1-0

[Event "Ch Russia (w) (1 liga)"]
[Site "masterchessopen.com – Serpukhov (Russia)"]
[Round "9"]
[White "Andreeva Nataliya (RUS)"]
[Black "Molchanova Tatjana (RUS)"]
[Result "1-0"]
[WhiteElo "2285"]
[BlackElo "2274"]

1.Nf3 Nf6 2.g3 d5 3.Bg2 e6 4.O-O Be7 5.d4 O-O 6.c4 Nbd7 7.Qc2 c6 8.Rd1 b5 9.c5
Ne4 10.a4 b4 11.Nbd2 Nxd2 12.Bxd2 a5 13.e4 f5 14.exf5 Rxf5 15.Qd3 Qf8 16.g4
Rf7 17.Rac1 e5 18.dxe5 Nxc5 19.Rxc5 Bxc5 20.Ng5 g6 21.Nxf7 Qxf7 22.Qg3 Qe6
23.h3 Bd4 24.Bf4 Bxb2 25.Qb3 Bc3 26.Rxd5 Kg7 27.Qc4 Ra7 28.Qc5 cxd5 29.Qxa7+
Bd7 30.Qxa5 d4 31.Bd5 Qe8 32.Qc7 Kh8 33.e6 {#r} 1-0

[Event "Ch Georgia (juniors) (under 16)"]
[Site "masterchessopen.com – Tbilisi (Georgia)"]
[Date "2002.02.13"]
[Round "9"]
[White "Kilasonia Levan (GEO)"]
[Black "Kuparadze Giga (GEO)"]
[Result "0-1"]
[WhiteElo "2077"]
[BlackElo "2212"]

1.d4 e6 2.c4 Nf6 3.g3 d5 4.Bg2 Be7 5.Nf3 O-O 6.O-O Nbd7 7.Qc2 b6 8.Rd1 Bb7
9.b3 dxc4 10.Qxc4 c5 11.Bb2 Rc8 12.Qd3 cxd4 13.Bxd4 Qc7 14.Nbd2 Nc5 15.Qb1
Nce4 16.Rc1 Qd7 17.Qb2 Rfd8 18.Nc4 Bc5 19.Rd1 Ng4 20.Bxc5 Qxd1+ 21.Rxd1 Rxd1+
22.Bf1 Rxc5 23.Ne3 Nxe3 24.fxe3 Rcc1 25.Qe5 Rxf1+ 26.Kg2 Rf2+ 27.Kh3 Rc8
28.Nd4 Nf6 29.a4 Rxh2+ {#R} 0-1

[Event "It (open)"]
[Site "masterchessopen.com – Greifswald (Germany)"]
[Date "2002.08.22"]
[Round "1"]
[White "Hess Christian (GER)"]
[Black "Hoenecke Judith (GER)"]
[Result "1-0"]
[WhiteElo "2261"]
[BlackElo "1939"]

1.c4 e6 2.g3 Nf6 3.Bg2 d5 4.Nf3 Be7 5.O-O O-O 6.d4 Nbd7 7.Qc2 c5 8.cxd5 Nxd5
9.Nc3 Nb4 10.Qb1 Qc7 11.Bf4 Qb6 12.a3 Nc6 13.dxc5 Bxc5 14.Na4 Qa6 15.Nxc5 Nxc5
16.b4 Na4 17.b5 {#r} 1-0

[Event "It (open) \"]
[Site "masterchessopen.com – Augsburg (Germany)"]
[Round "1"]
[White "Stoer Andreas (GER)"]
[Black "Miller Hans Werner (GER)"]
[Result "1-0"]
[WhiteElo "2206"]
[BlackElo "1826"]

1.c4 Nf6 2.Nf3 e6 3.g3 d5 4.d4 Be7 5.Bg2 O-O 6.O-O Nbd7 7.Qc2 Re8 8.Rd1 c6
9.Nbd2 Nf8 10.e4 dxe4 11.Nxe4 Ng6 12.h4 Nxe4 13.Qxe4 Bf6 14.h5 Nf8 15.Bf4 h6
16.Bf1 Bd7 17.c5 Bc8 18.Bc4 Bd7 19.Bb3 Bg5 20.Nxg5 hxg5 21.Be5 f6 22.Bd6 f5
23.Qxf5 Nh7 24.Qe4 Qf6 25.Kg2 Kf7 {#r} 1-0

[Event "It (open)"]
[Site "masterchessopen.com – Essen (Germany)"]
[Round "1"]
[White "Schebler Gerhard (GER)"]
[Black "Gutowski Andre (GER)"]
[Result "1-0"]
[WhiteElo "2496"]
[BlackElo "2151"]

{ Schebler Gerhard (GER) +0 =0 -2 } 1.d4 { 1 } 1...d5 2.c4 e6 3.Nf3 Be7 4.g3
Nf6 5.Bg2 O-O 6.O-O Nbd7 7.Qc2 c6 8.Rd1 ( 8.Bf4 a5 9.Nbd2 Nh5 10.Nb3 Nxf4
11.gxf4 Bd6 12.e3 Qf6 13.Ne5 Qh6 14.cxd5 exd5 15.Rfd1 Nf6 16.Nd2 Re8 17.Nf1
Ne4 18.Ng3 Nxg3 19.hxg3 Be6 20.Rac1 f6 21.Nd3 Re7 22.Nc5 Bg4 23.Rd2 Rd8 24.Qa4
Rb8 25.Nxb7 Bb4 26.Rdc2 Rexb7 27.Qxc6 Rb6 { ...0-1, Schebler Gerhard 2300 -
Thesing Matthias 2415 , Dortmund 1992 It (open) } ) 8...b6 9.b3 Ba6 10.Nbd2
Rc8 11.e4 { = } 11...dxe4 ( 11...c5 12.exd5 exd5 13.Qf5 Bb7 14.Bb2 dxc4
15.Nxc4 b5 16.d5 bxc4 17.d6 Re8 18.dxe7 Qxe7 19.bxc4 Rb8 20.Bc3 Qe4 21.Qxe4
Bxe4 22.Bd2 h6 23.Rdc1 Rb2 24.Bc3 Re2 25.h3 Re6 26.a4 Nb6 27.Ne1 Bxg2 28.Nxg2
Rd6 29.a5 Nbd7 30.Kf1 Re4 31.Ne3 { ...1/2-1/2, Beliavsky Alexander G 2710 -
Akopian Vladimir 2660 , Madrid 1997 It (cat.17) } ) 12.Nxe4 Nxe4 13.Qxe4 Bb7 {
N } ( 13...b5 14.Qc2 bxc4 15.bxc4 Qa5 16.Bd2 Qa3 ( 16...Bb4 17.Bf4 Be7 18.Rab1
c5 19.d5 exd5 20.cxd5 Bb5 21.Re1 Rfe8 22.Bh3 Bf6 23.Kg2 Ba4 24.Qd3 Rxe1
25.Rxe1 c4 26.Qa3 Qb5 27.Kg1 h6 28.Bf5 c3 29.Bh3 g5 30.Bc1 Rd8 31.Bf1 Qxd5
32.Qxa4 Qxf3 33.Bg2 { ...1-0, Mikhalevski Victor 2518 - Ravi Lanka 2395 ,
Calcutta 2001 It (open) } ) 17.Bf4 c5 18.d5 exd5 19.cxd5 Bf6 20.Ng5 g6 21.Rab1
Ne5 22.Ne4 Bg7 23.Rb3 Qa5 24.Nd6 Rb8 25.Qe4 Rxb3 26.axb3 Qc3 27.Rc1 Qb2 28.Bf1
Bxf1 29.Rxf1 Nd7 30.Qe7 Nb6 31.Nc4 Qxb3 32.Nxb6 Qxb6 33.Bc7 { ...1/2-1/2,
Cifuentes Parada Roberto 2525 - Blanco Fernandez Alvaro 2450 , Matanzas 1995
Memorial J.Capablanca (cat.11) } ) ( 13...Nf6 14.Qc2 Qc7 15.Bf4 Qb7 ( 15...Bd6
16.Bxd6 Qxd6 17.Rd2 Rfd8 18.Re1 Qe7 19.Bh3 Qc7 20.Ng5 Kh8 21.Re5 Re8 22.Ne4
Nxe4 23.Qxe4 Rcd8 24.f4 Qd7 25.f5 exf5 26.Bxf5 Rxe5 27.Qxe5 Qe8 28.Re2 Qxe5
29.Rxe5 g6 30.Be4 Rxd4 31.Bxc6 Rd1+ 32.Kf2 Rd2+ 33.Kf3 { ...0-1, Baloutsou V -
Sperdokli Elli 2124 , Greece 1996 Ch Greece (team) } ) 16.Ne5 Qa8 17.a4 Rfd8
18.h3 Nh5 19.Be3 Nf6 20.g4 Nd7 21.Nd3 Qb8 22.a5 b5 23.Bf4 Bd6 24.Be3 Nf6 25.c5
Be7 26.Bf4 Qb7 27.Nb4 Nd5 28.Bxd5 exd5 29.Re1 Bf8 30.Re2 Re8 31.Rae1 Rxe2
32.Qxe2 Rd8 33.Bd6 { ...1-0, Nielsen Peter Heine 2620 - Berkes Ferenc 2570 ,
Panormo 2002 Ch Europe (blitz) } ) ( 13...Qe8 14.Bb2 Bf6 15.Ne5 Bb7 16.Qc2 Rc7
17.Ng4 Be7 18.h4 f5 19.Nh2 g5 20.hxg5 Bxg5 21.Nf3 Be7 22.Qe2 Qg6 23.Re1 Rf6
24.d5 cxd5 25.Bxf6 Bxf6 26.Qxe6+ Kg7 27.Qd6 Bd8 28.Re7+ Bxe7 29.Qxc7 Qc6
30.Qxc6 Bxc6 31.Nd4 Bf6 32.Rd1 Ne5 33.Nxf5+ { ...1-0, Schwarz Michael 2315 -
Durr Hanno, Badenweiler 1990 It (open) } ) ( 13...Qc7 14.Bf4 Bd6 15.Bxd6 Qxd6
16.Ne5 Bb7 17.c5 Qc7 18.b4 Rfd8 19.Nc4 Nf6 20.Qc2 Rd7 21.Ne5 Rdd8 22.Rac1 b5
23.a4 a6 24.axb5 axb5 25.Ra1 Ra8 26.Qb2 Nd7 27.Rxa8 Rxa8 28.Ra1 Rxa1+ 29.Qxa1
Nxe5 30.dxe5 Qd7 31.Bf3 g6 32.Kg2 h5 33.Qc3 { ...1-0, Urban Klaudiusz 2485 -
Dabrowska Krystyna 2330 , Koszalin 1998 It (open) } ) ( 13...Bf6 14.Bf4 Qe7
15.Ne5 Bb7 16.b4 Ba8 17.Qe3 Rfd8 18.c5 Bxe5 19.dxe5 h6 20.h4 bxc5 21.bxc5 Nxc5
22.Qa3 Kf8 23.Be3 Nd7 24.Qxa7 c5 25.Rac1 Bxg2 26.Kxg2 c4 27.Rc3 Ra8 28.Qc7
Rac8 29.Qa7 Ra8 30.Qc7 Rac8 31.Qa5 Kg8 32.Rd4 Ra8 33.Qc7 { ...1-0, Marin
Mihail 2515 - Arias Jorge 2215 , Barcelona 1993 It (open) } ) 14.h4 Nf6 15.Qc2
Rc7 16.Bf4 Rd7 17.a3 Qa8 18.Ne5 Rdd8 19.b4 c5 20.Bxb7 Qxb7 21.dxc5 bxc5 22.b5
a6 23.a4 axb5 24.axb5 Ra8 25.Nc6 Rfc8 26.Ra4 Rxa4 { ?! } ( 26...Bf8 { !? }
27.Rda1 Rxa4 28.Qxa4 Qd7 { } ) 27.Qxa4 { } {#r} 1-0

[Event "Ch Serbia & Montenegro (team)"]
[Site "masterchessopen.com – Golubac (Yugoslavia)"]
[Round "0"]
[White "Stamenkovic Zoran (SRB)"]
[Black "Muratovic Alija (SRB)"]
[Result "1-0"]
[WhiteElo "2420"]
[BlackElo "2376"]

1.d4 d5 2.c4 e6 3.Nf3 Nf6 4.g3 Be7 5.Bg2 O-O 6.O-O Nbd7 7.Qc2 c6 8.b3 b5 9.c5
Ne4 10.Bb2 a5 11.a3 h5 12.Ne1 Ndf6 13.f3 Ng5 14.Nd3 Bd7 15.Nd2 Be8 16.Rae1
Ngh7 17.e4 a4 18.b4 Bd7 19.Re2 Ne8 20.Rfe1 Bf6 21.Ne5 Nc7 22.exd5 exd5 23.f4
Bxe5 24.dxe5 Ne6 25.Qf5 Nd4 26.Qd3 Nxe2+ 27.Qxe2 Re8 28.h3 Re7 29.Nf3 Qc7
30.g4 g6 31.f5 hxg4 32.hxg4 Be8 {#r} 1-0

[Event "Memorial M.Najdorf (qual.) (under 20)"]
[Site "masterchessopen.com – Buenos Aires (Argentina)"]
[Date "2003.10.06"]
[Round "8"]
[White "Ianovsky Matias Manuel (ARG)"]
[Black "Redondo Mariano (ARG)"]
[Result "1-0"]
[WhiteElo "2110"]
[BlackElo "2204"]

1.d4 d5 2.Nf3 Nf6 3.c4 e6 4.g3 Nbd7 5.Bg2 Be7 6.O-O O-O 7.Qc2 c5 8.Rd1 Qb6
9.cxd5 Nxd5 10.e4 Nb4 11.Qe2 cxd4 12.Nxd4 Ne5 13.Be3 Bc5 14.Nc3 Bd7 15.Rac1
Rfd8 16.a3 Nbd3 17.Rxd3 Nxd3 18.Qxd3 Be8 19.Rd1 e5 20.Nd5 Rxd5 21.exd5 Bxd4
22.Bxd4 exd4 23.Qxd4 Qxd4 24.Rxd4 Bd7 25.d6 Rb8 26.Rc4 Rc8 27.Rxc8+ Bxc8
28.Bxb7 Bd7 29.f4 Kf8 30.Kf2 Ke8 31.Ke3 Bb5 32.Kd4 Kd7 33.Kc5 {#r} 1-0

[Event "Cup Greece (team)"]
[Site "masterchessopen.com – Greece"]
[Round "0"]
[White "Papaioannou Ioannis (GRE)"]
[Black "Michos Thomas (GRE)"]
[Result "1-0"]
[WhiteElo "2577"]
[BlackElo "2219"]

1.Nf3 d5 2.c4 e6 3.g3 Nf6 4.Bg2 Be7 5.O-O O-O 6.Qc2 Nbd7 7.d4 c6 8.Rd1 b6 9.b3
Bb7 10.Nc3 Rc8 11.e4 c5 12.exd5 exd5 13.Bb2 dxc4 14.d5 Bd6 15.bxc4 Re8 16.Bh3
Ra8 17.Nb5 Ne5 18.Nh4 a6 19.Nxd6 Qxd6 20.f4 Ng6 21.Nf5 Qd8 22.Re1 Rf8 23.Qc3
Bc8 24.Nxg7 Kxg7 25.Bxc8 Rxc8 26.f5 Qd6 27.fxg6 fxg6 28.Re6 {#r} 1-0

[Event "It \"]
[Site "masterchessopen.com – St. Petersburg (Russia)"]
[Round "4"]
[White "Matjushin Gennady (UKR)"]
[Black "Lanin Alexsej (RUS)"]
[Result "1-0"]
[WhiteElo "2431"]
[BlackElo "2363"]

1.c4 e6 2.Nf3 d5 3.d4 Nf6 4.g3 Be7 5.Bg2 O-O 6.Qc2 Nbd7 7.O-O c6 8.Rd1 b5 9.c5
Ne4 10.Ne1 f5 11.Nd3 Bf6 12.e3 Qe8 13.a4 bxa4 14.Qxa4 Bb7 15.b4 e5 16.Bb2 exd4
17.exd4 a6 18.Nd2 Nxd2 19.Rxd2 Bg5 20.Rdd1 f4 21.Bc1 fxg3 22.Bxg5 Qh5 23.h4
gxf2+ 24.Nxf2 h6 25.Be7 Rxf2 26.Kxf2 Qf7+ 27.Kg1 Qxe7 28.Qb3 Qxh4 29.Qh3 Qd8
30.Qe6+ Kh8 31.Qd6 Qe8 32.Re1 Qf7 33.Re7 Qf6 34.Qxf6 {#r} 1-0

[Event "It (open)"]
[Site "masterchessopen.com – Bar (Yugoslavia)"]
[Date "2004.02.18"]
[Round "1"]
[White "Barnaure Vlad-Victor (ROM)"]
[Black "Arabelovic Osman (MNE)"]
[Result "1-0"]
[WhiteElo "2439"]
[BlackElo "1966"]

1.d4 Nf6 2.c4 e6 3.g3 d5 4.Nf3 Be7 5.Bg2 O-O 6.O-O Nbd7 7.Qc2 c6 8.b3 Re8
9.Nc3 b6 10.Rd1 Bb7 11.e4 dxe4 12.Nxe4 Nxe4 13.Qxe4 Nf6 14.Qe2 Qc8 15.Bb2 c5
16.dxc5 Qxc5 17.Ne5 Bxg2 18.Kxg2 Rad8 19.Qf3 Rc8 20.Rd7 a5 21.Bd4 Qa3 22.Rb7
Rb8 23.Rxb8 Rxb8 24.Nc6 Re8 25.Bxb6 Bc5 26.Bd8 a4 27.Bxf6 gxf6 28.Qxf6 Bf8
29.Ne5 Re7 30.Rd1 Rc7 31.Rd4 h5 32.Qg5+ Kh7 33.Rh4 Bh6 34.Rxh5 {#r} 1-0

[Event "Staatsliga B Mitte 2003/04"]
[Site "masterchessopen.com – Austria"]
[Date "2004.02.28"]
[Round "8"]
[White "Riedner Martin (AUT)"]
[Black "Reschun Sascha (AUT)"]
[Result "1-0"]
[WhiteElo "2200"]
[BlackElo "2256"]

1.Nf3 d5 2.c4 e6 3.d4 Nf6 4.g3 Be7 5.Bg2 O-O 6.Qc2 Nbd7 7.O-O c5 8.cxd5 Nxd5
9.Nc3 Nb4 10.Qb1 cxd4 11.Nxd4 Bf6 12.Rd1 Qe7 13.Be3 Rd8 14.a3 Na6 15.Qa2 Nc7
16.Ndb5 Nxb5 17.Nxb5 Ne5 18.Nxa7 Rxd1+ 19.Rxd1 Bd7 20.Qb3 Qe8 21.Rc1 Rb8
22.Bb6 Ba4 23.Qb4 Qd7 24.h3 g6 25.Qf4 Bg7 26.Bc7 g5 27.Qe3 {#r} 1-0

[Event "Ch France (team) (juniors) 2003/04"]
[Site "masterchessopen.com – France"]
[Date "2004.05.02"]
[Round "11"]
[White "Chretien Corentin (FRA)"]
[Black "Desnoes Fabien (FRA)"]
[Result "1-0"]
[WhiteElo "1929"]
[BlackElo "1876"]

1.d4 d5 2.Nf3 Nf6 3.c4 e6 4.g3 Be7 5.Bg2 O-O 6.O-O Nbd7 7.Qc2 b6 8.Nc3 Bb7
9.cxd5 exd5 10.Rd1 Ne4 11.Ne5 Nxc3 12.Qxc3 Nxe5 13.dxe5 c6 14.e4 Qd7 15.exd5
cxd5 16.Be3 Rac8 17.Qb3 Rfd8 18.Rd2 Qe6 19.Rad1 Qxe5 20.Bxd5 Bxd5 21.Rxd5 Rxd5
22.Rxd5 Qe6 23.Qd3 Bf6 24.b3 h6 25.Rd7 Ra8 26.Rc7 Rd8 27.Qc2 a6 28.Rc6 Rd6
29.Rxd6 Qxd6 30.Qc8+ Kh7 31.Qxa6 Bd8 32.Qb5 Qc7 33.a4 Qa7 34.Qc4 {#r} 1-0

[Event "Ch Israel (w)"]
[Site "masterchessopen.com – Ramat Aviv (Israel)"]
[Date "2004.09.21"]
[Round "3"]
[White "Dotan Valeria (ISR)"]
[Black "Zeevi Neta (ISR)"]
[Result "1-0"]
[WhiteElo "2029"]
[BlackElo "1808"]

1.d4 d5 2.c4 e6 3.g3 Be7 4.Bg2 Nf6 5.Nf3 Nbd7 6.Qc2 O-O 7.O-O b6 8.Rd1 Bb7
9.Ne5 Bd6 10.cxd5 Nxd5 11.a3 Qf6 12.Nxd7 {#r} 1-0

[Event "Memorial M.Chigorin (open)"]
[Site "masterchessopen.com – St. Petersburg (Russia)"]
[Date "2004.10.22"]
[Round "7"]
[White "Matjushin Gennady (UKR)"]
[Black "Rodkin Felix (RUS)"]
[Result "1-0"]
[WhiteElo "2431"]
[BlackElo "2200"]

1.Nf3 d5 2.c4 e6 3.d4 Nf6 4.g3 Be7 5.Bg2 O-O 6.Qc2 Nbd7 7.O-O b6 8.cxd5 Nxd5
9.Rd1 Bb7 10.Nc3 c5 11.dxc5 Nxc5 12.Ne1 f5 13.Nxd5 exd5 14.Be3 Ne4 15.Nd3 Qc8
16.Qa4 Qc6 17.Qxc6 Bxc6 18.Rac1 Rac8 19.Nf4 Bf6 20.Nxd5 Bxd5 21.Rxd5 Bxb2
22.Rxc8 Rxc8 23.Rxf5 Nc3 24.Bf3 g6 25.Rf4 Bc1 {#r} 1-0

[Event "It (open)"]
[Site "masterchessopen.com – Groningen (Netherlands)"]
[Round "1"]
[White "De Vrieze Michael (NED)"]
[Black "Florath Patrick (GER)"]
[Result "0-1"]
[WhiteElo "2043"]
[BlackElo "2310"]

1.d4 e6 2.c4 d5 3.g3 Nf6 4.Bg2 Be7 5.Nf3 O-O 6.O-O Nbd7 7.Qc2 c6 8.Rd1 b5 9.b3
bxc4 10.bxc4 Ba6 11.Nbd2 Qa5 12.Nb3 Qa4 13.cxd5 cxd5 14.Bg5 Rfc8 15.Qb2 Ba3
16.Qd2 Ne4 17.Qe1 Bb2 18.Rab1 Qxa2 19.Nfd2 Nc3 20.Ra1 Bxa1 21.Rxa1 Nxe2+
22.Kh1 Qxa1 23.Qxa1 Rc1+ 24.Qxc1 Nxc1 {#R} 0-1

[Event "It (open)"]
[Site "masterchessopen.com – Avoine (France)"]
[Date "2005.07.29"]
[Round "7"]
[White "Bodicker Rob (NED)"]
[Black "Gendre Pascal (FRA)"]
[Result "1-0"]
[WhiteElo "2112"]
[BlackElo "2047"]

1.d4 d5 2.c4 e6 3.Nf3 Nf6 4.g3 Be7 5.Bg2 O-O 6.O-O Nbd7 7.Qc2 b6 8.cxd5 Nxd5
9.a3 Ba6 10.Rd1 Rc8 11.e4 N5f6 12.Nc3 Bb7 13.Bf4 c5 14.d5 exd5 15.exd5 Re8
16.d6 Bf8 17.Nb5 Nd5 18.Ng5 N7f6 19.Bxd5 Bxd5 20.Rxd5 h6 21.d7 {#r} 1-0

[Event "It (open)"]
[Site "masterchessopen.com – Martigny (Switzerland)"]
[Date "2005.08.01"]
[Round "7"]
[White "Sriram Jha (IND)"]
[Black "Duratti Lindo (FRA)"]
[Result "1-0"]
[WhiteElo "2453"]
[BlackElo "2213"]

1.d4 d5 2.c4 e6 3.Nf3 Nf6 4.g3 Be7 5.Bg2 O-O 6.O-O Nbd7 7.Qc2 c5 8.cxd5 Nxd5
9.Nc3 Nxc3 10.Qxc3 Bf6 11.Be3 a5 12.Rfd1 Ra6 13.Qc2 cxd4 14.Nxd4 Qe7 15.Rac1
Rd6 16.Nb5 Rxd1+ 17.Rxd1 b6 18.Qc7 Qb4 19.Na7 Be5 20.Qc6 Nb8 21.Qxb6 Qxb6
22.Bxb6 Bxb2 23.Bxa5 Ba6 24.Bc7 Bc4 25.Rb1 Na6 26.Bd6 Rd8 27.Rxb2 Rxd6 28.Rc2
Rd4 29.Nb5 {#r} 1-0

[Event "It (open)"]
[Site "masterchessopen.com – Nikea (Greece)"]
[Date "2005.08.27"]
[Round "6"]
[White "Georgiadis Ioannis (GRE)"]
[Black "Papargyriou Anastasios (GRE)"]
[Result "1-0"]
[WhiteElo "2236"]
[BlackElo "2026"]

1.d4 d5 2.Nf3 Nf6 3.g3 e6 4.Bg2 Be7 5.O-O O-O 6.c4 Nbd7 7.Qc2 c6 8.Bf4 Re8
9.Nbd2 Nf8 10.e4 Ng6 11.e5 Nd7 12.Be3 f6 13.exf6 Bxf6 14.h4 e5 15.cxd5 cxd5
16.Ng5 Nb6 17.dxe5 Rxe5 18.Ndf3 Bf5 19.Qb3 Rxe3 20.fxe3 Qd7 21.e4 Bg4 22.exd5
Qxd5 23.Qxd5+ Nxd5 24.Nh2 Ne3 25.Nxg4 Nxg4 26.Bd5+ Kf8 27.Nxh7+ Ke7 28.Nxf6
gxf6 29.Rae1+ N6e5 30.Bf3 Nh6 31.g4 Rg8 32.g5 Nf7 33.Bd5 Kd6 34.Bxf7 {#r} 1-0

[Event "Ch Croatia (team) (2nd league)"]
[Site "masterchessopen.com – Croatia"]
[Date "2006.10.14"]
[Round "8"]
[White "Separovic Tomislav (CRO)"]
[Black "Grgic Ante (CRO)"]
[Result "1-0"]
[WhiteElo "2198"]
[BlackElo "2161"]

1.d4 d5 2.c4 e6 3.Nf3 Nf6 4.g3 Be7 5.Bg2 O-O 6.O-O Nbd7 7.Qc2 Re8 8.Rd1 c6
9.b3 Ne4 10.Nbd2 f5 11.Bb2 a5 12.a3 Bf6 13.Rac1 a4 14.b4 Qb6 15.Nb1 Qa6 16.e3
Nb6 17.Nfd2 Bd7 18.Bf1 Qa7 19.Bd3 e5 20.dxe5 Bxe5 21.Bxe5 Rxe5 22.c5 Nc8
23.Nf1 Ne7 24.f3 Nf6 25.Nc3 g6 26.Ne2 Be6 27.Qc3 {#r} 1-0